<The> Energy transition and democracy at the local level

Podmienky pre energetickú demokraciu: odpor voči dominancii energetických korporácií, obrátenie energetických systémov na verejný prospech a reštrukturalizácia energetického sektora. Zmena v energetike na lokálnej úrovni predovšetkým vďaka participácii lokálnych rezidentov a technológii.

Salvato in:
Dettagli Bibliografici
Autore principale: Naščáková, Jana
Natura: Capitolo di libro
Lingua:inglese
Soggetti:
Tags: Aggiungi Tag
Nessun Tag, puoi essere il primo ad aggiungerne!!

MARC

LEADER 00000nla a2200000 4500
001 0208762
005 20240502073453.0
041 0 |a eng 
044 |a SK 
245 1 0 |a <The> Energy transition and democracy at the local level  |c Jana Naščáková 
520 |a Podmienky pre energetickú demokraciu: odpor voči dominancii energetických korporácií, obrátenie energetických systémov na verejný prospech a reštrukturalizácia energetického sektora. Zmena v energetike na lokálnej úrovni predovšetkým vďaka participácii lokálnych rezidentov a technológii. 
610 2 0 |a demokracia 
610 2 0 |a rozvod energie 
610 2 0 |a energetika 
610 2 0 |a hospodárstvo regionálne 
610 2 0 |a politika regionálna 
610 2 0 |a samospráva regionálna 
610 2 0 |a zdroje energie obnoviteľné 
100 1 |a Naščáková, Jana